Protect rural England (Record no. 105710)
[ view plain ]
| 000 -LEADER | |
|---|---|
| fixed length control field | 01264cam a2200229 4500 |
| 001 - CONTROL NUMBER | |
| control field | ##L134522 |
| 008 - FIXED-LENGTH DATA ELEMENTS--GENERAL INFORMATION | |
| fixed length control field | 060814n2006 000 0 eng u |
| 035 ## - SYSTEM CONTROL NUMBER | |
| System control number | (Sirsi) u134522 |
| 041 0# - LANGUAGE CODE | |
| Language code of text/sound track or separate title | eng |
| 050 04 - LIBRARY OF CONGRESS CALL NUMBER | |
| Classification number | 306.9 $2 18 |
| 110 2# - MAIN ENTRY--CORPORATE NAME | |
| Corporate name or jurisdiction name as entry element | National Housing Federation |
| 9 (RLIN) | 695 |
| 245 00 - TITLE STATEMENT | |
| Title | Protect rural England |
| Remainder of title | build an affordable home |
| 260 ## - PUBLICATION, DISTRIBUTION, ETC. | |
| Place of publication, distribution, etc. | London |
| Name of publisher, distributor, etc. | NHF |
| Place of publication, distribution, etc. | London |
| Name of publisher, distributor, etc. | CPRE |
| Date of publication, distribution, etc. | 2006 |
| 520 ## - SUMMARY, ETC. | |
| Summary, etc. | The Campaign to Protect Rural England (CPRE) and the National Housing Federation (NHF) have joined forces to produce an affordable rural housing charter to draw government attention to the escalating rural housing crisis as house prices in some rural areas have reached almost 10 times local earnings. The joint NHF/CPRE charter sets out the current situation, what the countryside needs, seven steps to increase the supply of affordable housing and the next steps to take. |
| 590 ## - LOCAL NOTE (RLIN) | |
| Local note | IKA220806, KA |
| 650 24 - SUBJECT ADDED ENTRY--TOPICAL TERM | |
| Topical term or geographic name entry element | Affordable housing |
| 9 (RLIN) | 6215 |
| 651 #4 - SUBJECT ADDED ENTRY--GEOGRAPHIC NAME | |
| Geographic name | England |
| Chronological subdivision | 886- |
| 690 ## - LOCAL SUBJECT ADDED ENTRY--TOPICAL TERM (OCLC, RLIN) | |
| Topical term or geographic name as entry element | PROPERTY-RESIDENTIAL PROPERTY-RESIDENTIAL PROPERTY MARKET |
| 710 2# - ADDED ENTRY--CORPORATE NAME | |
| Corporate name or jurisdiction name as entry element | Campaign to Protect Rural England |
| 9 (RLIN) | 4718 |
| 856 40 - ELECTRONIC LOCATION AND ACCESS | |
| Uniform Resource Identifier | <a href="https://cpre.netxtra.net/filegrab/1affordable-rural-housing-charter.pdf?ref=2564">https://cpre.netxtra.net/filegrab/1affordable-rural-housing-charter.pdf?ref=2564</a> |
| Public note | View the charter free of charge at www.cpre.org.uk... |
| 942 ## - ADDED ENTRY ELEMENTS (KOHA) | |
| Suppress in OPAC | 0 |
| Withdrawn status | Lost status | Source of classification or shelving scheme | Damaged status | Not for loan | Home library | Current library | Shelving location | Date acquired | Total Checkouts | Full call number | Barcode | Date last seen | Copy number | Price effective from | Koha item type |
|---|---|---|---|---|---|---|---|---|---|---|---|---|---|---|---|
| Dewey Decimal Classification | Virtual | Virtual | Online | 14/08/2006 | ONLINE PUBLICATION | 134522-2001 | 06/08/2019 | 1 | 06/08/2019 | Book |